000 00440nam a22001817a 4500
003 MPLRDC
005 20220104182555.0
008 210129b ||||| |||| 00| 0 eng d
020 _a7-5302-0904-2
082 _a848.4 ZAL-27
100 _a张爱玲
245 _a色.戒
_c
250 _a一版一刷
260 _a中国
_b北京十月文艺出版社
_c2007
300 _b
650 _a现代别集
942 _cBK
_o848.4 ZAL-27
999 _c62022
_d62012